| 000 | 00990nam a22003017a 4500 | ||
|---|---|---|---|
| 003 | CHAP | ||
| 005 | 20220329134329.0 | ||
| 008 | 971013s1970 r 00010 d | ||
| 010 | _a18867 | ||
| 011 | _a19839 | ||
| 035 | _a23924 | ||
| 040 | _cCHAP | ||
| 082 |
_a338.9723 _bD5 |
||
| 100 | 0 | 0 |
_aDíaz, May N. _933691 |
| 245 | _aTonalá; conservation, responsibility, and authority in a mexican town | ||
| 260 |
_aBerkeley, Cal. : _bUniversity of California, _c1970 |
||
| 300 | _a234 p. | ||
| 590 |
_aBATCH-UPD _b10 _c20130110 _lUCH01 _h1614 |
||
| 590 |
_aBATCH-UPD _b10 _c20130410 _lUCH01 _h1008 |
||
| 590 |
_aBATCH-UPD _b10 _c20130914 _lUCH01 _h1619 |
||
| 590 |
_aCONVERSION _b10 _c20130109 _lUCH01 _h1311 |
||
| 650 | 1 | 4 |
_aAntropologia. _96133 |
| 650 | 1 | 4 |
_aJalisco _xCondiciones sociales. _960960 |
| 901 | _aBK | ||
| 942 | _cLIBRO | ||
| 949 |
_a338.9723 D5 _bBC _cLIBRO _d33724000372306 _eLIBRO _fc.2 _h52453 _i23924 _si |
||
| 949 |
_a338.9723 D5 _bBC _cLIBRO _d33724000372314 _eLIBRO _h52452 _i23924 _si |
||
| 999 |
_c18867 _d18867 |
||